000 00440nam a2200181Ia 4500
003 GCL
008 140319s9999 xx 000 0 eng d
040 _aGCL /
_cGCL
082 0 4 _a709.011
_bB P
100 1 _aBOAS, FRANZ
245 1 0 _aPRIMITIVE ART /
_cBOAS, FRANZ
260 _a[S.N] :
_bDOVER PUBLICATIONS,INC. ،
_c1955
300 _a372 P
650 0 4 _aARTS
650 0 4 _aART, PRIMITIVE
650 0 4 _aFOLK - ART
942 _2ddc
_cBK
999 _c19732
_d19732